000 01176cam a2200253 i 4500
005 20251130094836.0
008 250721s1992 gr 000 0 ara d
082 1 4 _a212
_bس ه ى
100 1 _aعبد الرحمن السهيلي
_eمؤلف.
245 1 0 _aكتاب التعريف والأعلام فيما أبهم في القرآن من الأسماء والأعلام /
_cلمؤلفه عبد الرحمن السهيلي، دراسة وتحقيق عد الله محمد علي النقراط.
250 _aالطبعة الأولى.
264 1 _aطرابلس(ليبيا) :
_bكلية الدعوة الإسلاميه ولجنة الحفاظ على التراث الإسلامي،
_c1992.
300 _a462 صفحة.
490 0 _aالسلسله القرآنيه ؛
_vرقم 1.
650 1 7 _aالقرآن الكريم.
650 1 7 _aتفسير القرآن.
650 1 7 _aألفاظ القرآن.
650 1 7 _aمعاني القرآن.
650 1 7 _aأحكام القرآن.
700 1 _aالسهيلي، عبد الرحمن
_eمحقق.
830 0 _aالسلسله القرآنيه.
942 _2ddc
_cBK
999 _c17269
_d17269